El potencial de los medios digitales ante la participación ciudadana tradicional y en el presupuesto participativo (Record no. 172425)
[ view plain ]
| 000 -CABECERA | |
|---|---|
| campo de control de longitud fija | 01226nab a2200253 a 4500 |
| 005 - FECHA Y HORA DE LA ÚLTIMA TRANSACCIÓN | |
| campo de control | 20210219162232.0 |
| 008 - ELEMENTOS DE LONGITUD FIJA--INFORMACIÓN GENERAL | |
| campo de control de longitud fija | 991125s1985 mx 000 0 spa u |
| 035 ## - NÚMERO DE CONTROL DEL SISTEMA | |
| Número de control de sistema | UPN01000200324 |
| 049 ## - COLECCIÓN | |
| Colección | ART |
| 100 1# - ASIENTO PRINCIPAL--NOMBRE PERSONAL | |
| Nombre de persona | Aguirre Sala, Jorge Francisco |
| 100 1# - ASIENTO PRINCIPAL--NOMBRE PERSONAL | |
| Filiación | jorge.aguirre@udem.edu |
| 222 ## - TÍTULO CLAVE | |
| Título clave | COMUNICACION Y SOCIEDAD |
| 245 ## - MENCIÓN DE TÍTULO | |
| Título | El potencial de los medios digitales ante la participación ciudadana tradicional y en el presupuesto participativo |
| 260 ## - PUBLICACIÓN, DISTRIBUCIÓN, ETC. | |
| Lugar de publicación, distribución, etc. | Guadalajara, México |
| 300 ## - DESCRIPCIÓN FÍSICA | |
| Extensión | 211-229 |
| 362 0# - FECHAS DE PUBLICACIÓN Y/O DESIGNACIÓN SECUENCIAL | |
| Fecha de publicación y/o designación secuencial | 2014 Nueva época, no. 22, jul.-dic. |
| 520 ## - NOTA DE RESUMEN, ETC. | |
| Sumario, etc. | Ante la necesidad de impulsar la participación ciudadana se muestran las condiciones jurídicas de ésta en México y el potencial de los medios digitales para superar las limitaciones políticas y comunicativas. Se analiza el caso privilegiado del presupuesto participativo. Se exponen algunos riesgos y beneficios de la participación electrónica |
| 653 0# - TERMINO DE INDIZACION - NO CONTROLADO | |
| Término no controlado | PARTICIPACION CIUDADANA |
| 653 0# - TERMINO DE INDIZACION - NO CONTROLADO | |
| Término no controlado | MEDIOS DIGITALES |
| 653 0# - TERMINO DE INDIZACION - NO CONTROLADO | |
| Término no controlado | PRESUPUESTO PARTICIPATIVO |
| 856 4# - LOCALIZACIÓN Y ACCESO ELECTRÓNICOS | |
| Identificador Uniforme del Recurso | <a href="http://www.comunicacionysociedad.cucsh.udg.mx/sites/default/files/a8_25.pdf">http://www.comunicacionysociedad.cucsh.udg.mx/sites/default/files/a8_25.pdf</a> |
| 856 4# - LOCALIZACIÓN Y ACCESO ELECTRÓNICOS | |
| Identificador Uniforme del Recurso | <a href="http://www.redalyc.org/articulo.oa?id=34631112009">http://www.redalyc.org/articulo.oa?id=34631112009</a> |
| 905 ## - TIPO DE MATERIAL | |
| Tipo de material | Articulo |
No items available.
